CONTABILIDAD FINANCIERA (Registro nro. 48218)
[ vista simple ]
| 000 -LEADER | |
|---|---|
| fixed length control field | 01043nam a2200205 a 4500 |
| 001 - CONTROL NUMBER | |
| control field | 48218 |
| 005 - DATE AND TIME OF LATEST TRANSACTION | |
| control field | 20180714032440.0 |
| 008 - FIXED-LENGTH DATA ELEMENTS--GENERAL INFORMATION | |
| fixed length control field | 140415s2000 sp 000 0 spa d |
| 020 ## - INTERNATIONAL STANDARD BOOK NUMBER | |
| International Standard Book Number | 8496426130 |
| 041 ## - LANGUAGE CODE | |
| Language code of text/sound track or separate title | spa |
| 082 ## - DEWEY DECIMAL CLASSIFICATION NUMBER | |
| Classification number | 657.48 |
| Item number | LIZ |
| 100 1# - MAIN ENTRY--PERSONAL NAME | |
| Personal name | LIZCANO ALVAREZ, JESUS |
| 245 10 - TITLE STATEMENT | |
| Title | CONTABILIDAD FINANCIERA |
| 250 ## - EDITION STATEMENT | |
| Edition statement | 1a ed. |
| 260 ## - PUBLICATION, DISTRIBUTION, ETC. | |
| Place of publication, distribution, etc. | ESPAÑA : |
| Name of publisher, distributor, etc. | EDICIONES GESTION 2000, |
| Date of publication, distribution, etc. | 2000 |
| 300 ## - PHYSICAL DESCRIPTION | |
| Extent | 388 |
| Dimensions | 23 x 16.4 x 3.8 |
| 490 ## - SERIES STATEMENT | |
| Series statement | SERIE CONTABILIDAD FINANCIERA |
| Volume/sequential designation | 4 |
| 520 ## - SUMMARY, ETC. | |
| Summary, etc. | LA PRESENTE OBRA CONSTITUYE UN MANUAL DE CONTABILIDAD EMPRESARIAL CUYA CONSULTA PUEDE CONTRIBUIR A LA COMPRENSION DE LOS DISTINTOS CONCEPTOS Y PROCESOS METODOLOGICOS FUNDAMENTALES RELACIONADOS CON EL PROCESO CONTABLE DE LAS EMPRESAS, ASI COMO A LA ACLARACION DE POSIBLES DUDAS SOBRE CUESTIONES TECNICAS COMO PRACTICAS, RELACIONADAS CON DICHO PROCESO CONTABLE Y CON LA PRESENTACION DE LA DIVERSA INFORMACION SURGIDA DEL MISMO. ESTE LIBRO SUPONE ASI UNA CONTINUACION O ESCALON SUPERIOR RESPEC |
| 650 14 - SUBJECT ADDED ENTRY--TOPICAL TERM | |
| Topical term or geographic name entry element | CONTABILIDAD FINANCIERA |
| Withdrawn status | Lost status | Source of classification or shelving scheme | Damaged status | Not for loan | Collection code | Home library | Current library | Shelving location | Date acquired | Source of acquisition | Inventory number | Total Checkouts | Total Renewals | Full call number | Barcode | Date last seen | Date last checked out | Price effective from | Koha item type |
|---|---|---|---|---|---|---|---|---|---|---|---|---|---|---|---|---|---|---|---|
| Dewey Decimal Classification | General | Biblioteca Karol Wojtyla | Biblioteca Karol Wojtyla | Sala general | 03/12/2013 | Compra | 151000000000000000020877 | 2 | 1 | 657.48 LIZ | 72154 | 05/01/2026 | 12/04/2024 | 03/12/2013 | Libro |